[Event "Pinneberg-ch"]
[Site "Pinneberg"]
[Date "2011.09.22"]
[Round "6"]
[White "Freitag, Roland"]
[Black "Harder, Clemens"]
[Result "1/2-1/2"]
[WhiteElo "2250"]
[BlackElo "2081"]
[PlyCount "56"]
[EventDate "2011.08.18"]
[EventType "swiss"]
[EventRounds "7"]
[EventCountry "GER"]
[SourceTitle "CBM 144 Extra"]
[Source "ChessBase"]
[SourceDate "2011.10.28"]
[SourceVersion "1"]
[SourceVersionDate "2011.10.28"]
[SourceQuality "1"]

1. e3 d5 2. b3 Nf6 3. Bb2 c5 4. f4 g6 5. Nf3 Bg7 6. Be2 0-0 7. 0-0 Nc6 8. Qe1 a5 9. a4 Qb6 10. Ne5 c4 11. Nxc6 bxc6 12. Ra3 cxb3 13. Rxb3 Qa7 14. Bd4 c5 15. Be5 Ba6 16. Nc3 c4 17. Rb2 e6 18. Bd4 Qd7 19. Bf3 Ne8 20. Bxg7 Kxg7 21. Qf2 Nf6 22. Rfb1 Qa7 23. g4 Rad8 24. g5 Ng8 25. Rb6 Ne7 26. h4 Nc8 27. Rb8 Rd7 28. e4 d4 1/2-1/2

[Event "Pinneberg-ch"]
[Site "Pinneberg"]
[Date "2011.09.15"]
[Round "5"]
[White "Goepfert, Jakob"]
[Black "Harder, Clemens"]
[Result "1-0"]
[WhiteElo "2014"]
[BlackElo "2081"]
[PlyCount "81"]
[EventDate "2011.08.18"]
[EventType "swiss"]
[EventRounds "7"]
[EventCountry "GER"]
[SourceTitle "CBM 144 Extra"]
[Source "ChessBase"]
[SourceDate "2011.10.28"]
[SourceVersion "1"]
[SourceVersionDate "2011.10.28"]
[SourceQuality "1"]

1. Nf3 Nf6 2. d4 d5 3. c4 c6 4. Nc3 e6 5. e3 Nbd7 6. Bd3 Bd6 7. 0-0 0-0 8. b3 Re8 9. Bb2 b6 10. e4 dxc4 11. Bxc4 b5 12. Bd3 e5 13. Rc1 a6 14. Qe2 exd4 15. Nxd4 Ne5 16. Bb1 c5 17. Nf5 Bxf5 18. exf5 Nc4 19. Qc2 Nxb2 20. Qxb2 Ng4 21. g3 Qf6 22. Qd2 Ne5 23. Kg2 Rad8 24. Nd5 Qh6 25. Qxh6 gxh6 26. Nf6+ Kf8 27. Nxe8 Kxe8 28. Be4 Kd7 29. Rfd1 Kc7 30. Bd5 f6 31. f4 Nc6 32. Bxc6 Kxc6 33. a4 bxa4 34. bxa4 Rb8 35. Rb1 Rb4 36. Rxb4 cxb4 37. Kf3 Kc5 38. Ke4 Kc6 39. Kd4 a5 40. Kc4 Kd7 41. Rd5 1-0

[Event "Pinneberg-ch"]
[Site "Pinneberg"]
[Date "2011.08.18"]
[Round "1"]
[White "Dangelowski, Peter"]
[Black "Harder, Clemens"]
[Result "0-1"]
[WhiteElo "1769"]
[BlackElo "2081"]
[PlyCount "126"]
[EventDate "2011.08.18"]
[EventType "swiss"]
[EventRounds "7"]
[EventCountry "GER"]
[SourceTitle "CBM 144 Extra"]
[Source "ChessBase"]
[SourceDate "2011.10.28"]
[SourceVersion "1"]
[SourceVersionDate "2011.10.28"]
[SourceQuality "1"]

1. d4 Nf6 2. Bf4 e6 3. e3 c5 4. c3 d5 5. Bd3 Bd6 6. Bxd6 Qxd6 7. Nd2 Nc6 8. Ngf3 0-0 9. 0-0 b6 10. Re1 Bb7 11. e4 dxe4 12. Nxe4 Nxe4 13. Bxe4 f5 14. Bxc6 Qxc6 15. Qe2 Rf6 16. Rad1 Rg6 17. Kf1 cxd4 18. Rxd4 Re8 19. Red1 Qc8 20. Kg1 Qa8 21. Nh4 Rf6 22. f4 Be4 23. Qd2 Rff8 24. c4 Qc6 25. b3 b5 26. cxb5 Qxb5 27. Rd7 Qb6+ 28. Kh1 Rf7 29. Qc3 Qc6 30. Qd4 Rxd7 31. Qxd7 Qxd7 32. Rxd7 Rc8 33. h3 a5 34. Ra7 Rc5 35. Kh2 Bd5 36. Kg3 h6 37. Nf3 Bxf3 38. gxf3 Kh7 39. Kh4 Kg6 40. Kg3 Kf6 41. h4 g6 42. Ra6 Rd5 43. Ra8 g5 44. hxg5+ hxg5 45. fxg5+ Kxg5 46. Rg8+ Kf6 47. Rb8 Ke5 48. Rb6 Rc5 49. b4 axb4 50. Rxb4 Rc2 51. Ra4 Kf6 52. Ra6 Ke5 53. a4 f4+ 54. Kh3 Rf2 55. Ra5+ Kd4 56. Ra6 e5 57. Kg4 Ke3 58. Re6 Rg2+ 59. Kf5 Kxf3 60. Rxe5 Rc2 61. Rb5 Rc4 62. Rb3+ Kg2 63. a5 f3 0-1

[Event "Pinneberg-ch"]
[Site "Pinneberg"]
[Date "2010.08.26"]
[Round "1"]
[White "Harder, Clemens"]
[Black "Frank, Detlev"]
[Result "0-1"]
[WhiteElo "2103"]
[BlackElo "1791"]
[PlyCount "76"]
[EventDate "2010.08.26"]
[EventType "swiss"]
[EventRounds "7"]
[EventCountry "GER"]
[SourceTitle "EXT 2011"]
[Source "ChessBase"]
[SourceDate "2010.11.26"]
[SourceVersion "1"]
[SourceVersionDate "2010.11.26"]
[SourceQuality "1"]

1. e4 a6 2. d4 b5 3. f4 Bb7 4. Bd3 Nf6 5. Qe2 e6 6. Nf3 c5 7. c3 Be7 8. 0-0 c4 9. Bc2 d6 10. e5 Nd5 11. Ng5 Nxf4 12. Bxf4 Bxg5 13. Qh5 Bxf4 14. Rxf4 g6 15. Qh6 dxe5 16. dxe5 Qd5 17. Rf2 Qxe5 18. Nd2 Nd7 19. Raf1 f5 20. Bd1 0-0-0 21. Bf3 Bxf3 22. Nxf3 Qf6 23. Qe3 Kb7 24. a4 bxa4 25. Ra1 Nb6 26. Ne5 Rd5 27. Nf3 Rhd8 28. Qe2 R8d6 29. Rff1 Qd8 30. Ne5 Qc7 31. Rfe1 Rd2 32. Qf3+ Ka7 33. Rab1 R6d5 34. Qg3 Rb5 35. Kh1 Rbxb2 36. Qf3 Qxe5 37. Qc6 Rxb1 38. Rxb1 Qd6 0-1